Справочник председателя профкома. 2017, № 8: Что необходимо знать о своих правах наемному работнику (Запись № 11532439)

Подробности
000 -МАРКЕР
контрольное поле 00939nam2a2200229 4500
001 - ИДЕНТИФИКАТОР ЗАПИСИ
контрольное поле RU\NLR\PER_A\002663492_004360
005 - ИДЕНТИФИКАТОР ВЕРСИИ
контрольное поле 20250626061437.0
035 ## - ДРУГИЕ СИСТЕМНЫЕ НОМЕРА
Идентификатор записи (NLR Aleph) 011406082
100 ## - ДАННЫЕ ОБЩЕЙ ОБРАБОТКИ
Данные общей обработки 20170614d2017 |||y0rusy50 ca
101 0# - ЯЗЫК РЕСУРСА
Язык текста, звукозаписи и т.д. русский
102 ## - СТРАНА ПУБЛИКАЦИИ ИЛИ ПРОИЗВОДСТВА
Страна публикации российская федерация
200 1# - ЗАГЛАВИЕ И СВЕДЕНИЯ ОБ ОТВЕТСТВЕННОСТИ
Основное заглавие Что необходимо знать о своих правах наемному работнику
210 ## - ПУБЛИКАЦИЯ, РАСПРОСТРАНЕНИЕ И ДР.
Дата издания, распространения и т.д. 2017
Место издания, распространения и т.д. Б. м.
461 #0 - УРОВЕНЬ НАБОРА
Встроенное поле 001RU\NLR\Per\487081
-- 2001#$aСправочник председателя профкома$v2017, № 8
Системный номер (АБИС) связанной записи 3980051
Место публикации Москва
Дата публикации 2006 -
Имя издателя, распространителя и т.д. Профиздат
Заглавие Справочник председателя профкома
Номер тома 2017, № 8
606 1# - НАИМЕНОВАНИЕ ТЕМЫ КАК ПРЕДМЕТ
Наименование темы Трудовые правоотношения
Географический подзаголовок Российская Федерация
Системный номер авторитетной/нормативной записи 2286871
Идентификатор авторитетной/нормативной записи RU\NLR\AUTH\661369804
686 1# - ИНДЕКСЫ ДРУГИХ КЛАССИФИКАЦИЙ
Индекс Х627.1
852 ## - МЕСТОНАХОЖДЕНИЕ И ШИФР ХРАНЕНИЯ
Идентификатор организации NLR
Шифр хранения (Call Number) П22/8331
942 ## - ДОПОЛНИТЕЛЬНЫЕ ЭЛЕМЕНТЫ ЗАПИСИ (АБИС)
Тип экземпляра АБИС Выпуск
980 ## - КОЛЛЕКЦИЯ
Название коллекции Национальная библиография
980 ## - КОЛЛЕКЦИЯ
Название коллекции Русская периодика

Нет доступных экземпляров.